| 000 | 01437cad a22002775a 4500 | ||
|---|---|---|---|
| 001 | L158851 | ||
| 008 | 130206s2015 xxk f 000 0 eng d | ||
| 020 | _a9781783212101 | ||
| 035 | _a(Sirsi) u159614 | ||
| 041 | 0 | _aita | |
| 050 | 0 | 4 | _a692.8 |
| 110 | 2 |
_aRoyal Institution of Chartered Surveyors _94900 |
|
| 245 |
_aIl BIM per i cost manager _brequisiti del modello BIM or BIM for cost managers _brequirements from the BIM model _h[electronic resource] |
||
| 260 |
_aLondon _bRICS _c2015 |
||
| 300 | _a17p. | ||
| 490 | 0 | _aRICS Guidance Note | |
| 520 | _aOffers an awareness of BIM and provides readers with recommendations for good practice when producing measurement outputs. This guidance note should be used as a source of reference for quantity surveyors (QS) or cost managers when BIM has been implemented in the life cycle of a project. Covers working in a BIM environment, background information on naming structures conventions/data drops, internal practice procedures, and BIM measurement. Effective from August 2015. | ||
| 590 | _aKA | ||
| 650 | 2 | 4 | _aLIFE CYCLE COSTS |
| 650 | 2 | 4 | _aCLASSIFICATION SYSTEM |
| 651 | 4 | _aUnited Kingdom | |
| 690 |
_aQuantity surveying _96263 |
||
| 690 |
_aBIM _96219 |
||
| 856 | 4 | 0 |
_uhttps://www.rics.org/es/upholding-professional-standards/sector-standards/construction/bim-for-cost-managers-requirements-from-the-bim-model/ _zThe Italian language version is missing |
| 942 |
_n0 _2ddc |
||
| 999 |
_c116049 _d116049 |
||